000 00815cab a2200193 4500
001 ##L134349
008 060728n2006 000 0 eng u
035 _a(Sirsi) u134349
041 0 _aeng
100 1 _aMcCormick, Helen
245 0 0 _aBalfour breezes into summer top spot
260 _c2006
490 0 _aContract Journal
_v434(6584) 19 July 2006, 20-21(2)
520 _aBalfour Beatty topped the new work winners league table in June 2006, with Taylor Woodrow in second place. Also includes tables giving breakdown of work by sector and geographical area, pie graphs showing work by sector over past 12 months and in June, and bar chart illustrating total orders in last 12 months.
590 _aIKA010806
651 4 _aUnited Kingdom
_y
690 _aBUILT ENVIRONMENT-CONSTRUCTION MARKET
942 _n0
999 _c77471
_d77471